| 000 | 00000nas 2200000za 4500 |
| 001 | 9.815688 |
| 003 | CaOODSP |
| 005 | 20250403105739 |
| 007 | cr ||||||||||| |
| 008 | 160418d19891995oncar p oss f000#b0fre|d |
| 040 | |aCaOODSP|bfre |
| 041 | |aeng|afre |
| 043 | |an-cn--- |
| 086 | 1 |aCS85N0002-PDF |
| 245 | 00|aPolice reported crime data in Canadian municipalities |h[ressource électronique] / |cCanadian Centre for Justice Statistics, Uniform Crime Reporting Survey = Crimes déclarés par la police dans les municipalités canadiennes / Centre canadien de la statistique juridique, Enquête la déclaration uniforme de la criminalité. |
| 246 | 11|aCrimes déclarés par la police dans les municipalités canadiennes |
| 260 | |a[Ottawa] : |bCanadian Centre for Justice Statistics, Uniform Crime Reporting Survey = Centre canadien de la statistique juridique, Enquête la déclaration uniforme de la criminalité, |c1990-1995. |
| 310 | |aAnnuel |
| 362 | 0 |a1989-1995. |
| 500 | |aÉdition numérisée de l’imprimé [par Statistique Canada]. |
| 500 | |aNombreux tableaux. |
| 515 | |aLa livraison de 1992 porte le titre : Police reported incidents in Canadian municipalities = Affaires déclarés par la police dans les municipalités canadiennes. |
| 546 | |aTexte en anglais et en français. |
| 692 | 07|2gccst|aMaintien de l'ordre public |
| 692 | 07|2gccst|aCrime |
| 692 | 07|2gccst|aMunicipalité |
| 710 | 2 |aCentre canadien de la statistique juridique. |
| 710 | 2 |aStatistique Canada. |
| 791 | |tPolice reported crime data in Canadian municipalities |eeng|w(CaOODSP)9.815686 |